000 00596nam a22002177a 4500
003 OSt
005 20220107122835.0
008 171221b xxu||||| |||| 00| 0 eng d
020 _a9781681175898
040 _cIIITMK
082 _a006.37 MUL/V
100 _aMuller, Bilroy
_913542
245 _aVision systems: Segmentation and pattern recognition
260 _aNew York,
_bScitus Academics,
_c2017.
300 _a308p.
650 _aCOMPUTER SCIENCE
_913543
650 _aPATTERN RECOGNITION
_913544
650 _aCOMPUTER VISION
_913545
650 _aSEGMENTATION
_913546
942 _2ddc
_cBK
999 _c5953
_d5953